Heidegger: a beginner's guide (Record no. 203339)

MARC details
000 -LEADER
fixed length control field 00486nam a2200181Ia 4500
008 - FIXED-LENGTH DATA ELEMENTS--GENERAL INFORMATION
fixed length control field 191130s2001##################000#0#eng##
020 ## - INTERNATIONAL STANDARD BOOK NUMBER
ISBN 9780340803240
082 ## - DEWEY DECIMAL CLASSIFICATION NUMBER
Classification number 193 WAT
100 ## - MAIN ENTRY--AUTHOR NAME
Personal name Watts, Michael
245 ## - TITLE STATEMENT
Title Heidegger: a beginner's guide
Statement of responsibility, etc Michael Watts
260 ## - PUBLICATION, DISTRIBUTION, ETC. (IMPRINT)
Place of publication London
Name of publisher Hodder & Stoughton
Year of publication c2001
300 ## - PHYSICAL DESCRIPTION
Number of Pages xi, 99 p. ; 23 cm
650 ## - SUBJECT ADDED ENTRY--TOPICAL TERM
Topical Term Philosophy
991 ## -
-- 66791
Holdings
Withdrawn status Lost status Damaged status Not for loan Home library Current library Shelving location Date acquired Full call number Accession Number Price effective from Koha item type
        Anna Centenary Library Anna Centenary Library 3RD FLOOR, A WING 13.10.2020 193 WAT 334553 13.10.2020 Books

Find us on the map